000 00573nam a22001937a 4500
005 20251108171105.0
008 250721s1995 xx 000 0 ara d
082 1 4 _aط/ق/بدو
100 1 _aبدوي، سلمى
245 1 0 _aالكنغارو الشقي /
264 1 _aبيروت :
_bدار الحدائق،
_c1995.
300 _a15ص
490 0 _aسلسلة قصص عالمية
650 1 7 _aأدب الأطفال
650 1 7 _aالقصص العربية
653 _aاطفال مرحلة متوسطة (6-9) سنوات
942 _2ddc
_cBK
999 _c56357
_d56357